[Event "17. European Team Championship 2009"]
[Site "Novi Sad SRB"]
[Date "2009.10.28"]
[Round "7.164"]
[White "Bennett, Alan"]
[Black "Pancevski, Filip"]
[Result "0-1"]
[WhiteElo "2108"]
[BlackElo "2432"]
[PlyCount "98"]
[EventDate "2009.10.22"]
[EventType "team"]
[EventRounds "9"]
[EventCountry "SER"]
[Source "lmi"]
[SourceDate "2009.10.22"]

1. e4 c6 2. d4 g6 3. Nf3 Bg7 4. Bf4 d6 5. Qd2 Bg4 6. Be2 Nd7 7. h3 Bxf3 8. Bxf3
e5 9. Be3 Ngf6 10. Nc3 O-O 11. Be2 Re8 12. dxe5 dxe5 13. O-O Qe7 14. Rad1 Nc5
15. Bxc5 Qxc5 16. Qd6 Qb6 17. Qa3 Bf8 18. Qb3 Rad8 19. Qxb6 axb6 20. Rxd8 Rxd8
21. Rd1 Ra8 22. a3 b5 23. Bd3 b4 24. axb4 Bxb4 25. Kf1 Bxc3 26. bxc3 Nd7 27.
Rb1 Nc5 28. Ke2 Kf8 29. Ke3 Ke7 30. f3 Ra4 31. g3 Ke6 32. f4 f6 33. Rf1 Ra3 34.
Kd2 Kd6 35. g4 exf4 36. Rxf4 Ke5 37. Rf1 b5 38. h4 Ra4 39. Ke3 Nxe4 40. c4 Nd6
41. cxb5 cxb5 42. Rg1 f5 43. Kf3 Rf4+ 44. Ke3 Rxg4 45. Rxg4 fxg4 46. Kf2 Kf4
47. Kg2 b4 48. h5 gxh5 49. Bxh7 h4 0-1

[Event "17. European Team Championship 2009"]
[Site "Novi Sad SRB"]
[Date "2009.10.28"]
[Round "7.171"]
[White "Berend, Fred"]
[Black "Blagojevic, Dragisa"]
[Result "0-1"]
[WhiteElo "2371"]
[BlackElo "2546"]
[PlyCount "68"]
[EventDate "2009.10.22"]
[EventType "team"]
[EventRounds "9"]
[EventCountry "SER"]
[Source "lmi"]
[SourceDate "2009.10.22"]

1. e4 e5 2. Nf3 Nc6 3. Bb5 a6 4. Ba4 Nf6 5. O-O Be7 6. Re1 b5 7. Bb3 d6 8. c3
O-O 9. h3 Na5 10. Bc2 c5 11. d4 Nd7 12. Nbd2 exd4 13. cxd4 Nc6 14. d5 Nce5 15.
Nxe5 Nxe5 16. a4 Rb8 17. f4 Ng6 18. Nf3 f5 19. e5 dxe5 20. fxe5 Bb7 21. d6 Bh4
22. Re3 Bg3 23. axb5 axb5 24. b4 Qb6 25. Bb2 Bf4 26. Re1 c4+ 27. Kh1 Qf2 28.
Ra3 Qg3 29. Kg1 Ra8 30. Rxa8 Bxf3 31. Rxf8+ Kxf8 32. Re2 Qh2+ 33. Kf1 Qh1+ 34.
Kf2 Qxg2+ 0-1

[Event "17. European Team Championship 2009"]
[Site "Novi Sad SRB"]
[Date "2009.10.28"]
[Round "7.172"]
[White "Djukic, Nikola"]
[Black "Jeitz, Christian"]
[Result "1-0"]
[WhiteElo "2503"]
[BlackElo "2253"]
[PlyCount "81"]
[EventDate "2009.10.22"]
[EventType "team"]
[EventRounds "9"]
[EventCountry "SER"]
[Source "lmi"]
[SourceDate "2009.10.22"]

1. e4 c5 2. Nf3 Nc6 3. d4 cxd4 4. Nxd4 Nf6 5. Nc3 e6 6. Ndb5 Bb4 7. a3 Bxc3+ 8.
Nxc3 d5 9. exd5 exd5 10. Bd3 O-O 11. O-O d4 12. Ne2 Qd5 13. Nf4 Qd6 14. Nh5
Nxh5 15. Qxh5 f5 16. Re1 Bd7 17. Qh4 Rae8 18. Bf4 Qd5 19. Qg3 Rf6 20. Rxe8+
Bxe8 21. f3 Bf7 22. Re1 Re6 23. h4 Rxe1+ 24. Qxe1 Be6 25. Qg3 Kf7 26. h5 h6 27.
Bd6 Kg8 28. b3 b5 29. Bf4 Kf8 30. Bc7 a6 31. Kh2 Kf7 32. Qf4 Ke7 33. Qh4+ Kf7
34. Qg3 Kf8 35. a4 Kg8 36. axb5 axb5 37. Bd6 Bf7 38. Qf4 Be6 39. g4 Kh8 40.
gxf5 Bf7 41. Be4 1-0

[Event "17. European Team Championship 2009"]
[Site "Novi Sad SRB"]
[Date "2009.10.28"]
[Round "7.174"]
[White "Kosic, Dragan"]
[Black "Mossong, Hubert"]
[Result "1-0"]
[WhiteElo "2495"]
[BlackElo "2179"]
[PlyCount "70"]
[EventDate "2009.10.22"]
[EventType "team"]
[EventRounds "9"]
[EventCountry "SER"]
[Source "lmi"]
[SourceDate "2009.10.22"]

1. d4 d6 2. Nf3 Bg4 3. c4 Nd7 4. Nc3 e5 5. g3 Ngf6 6. Bg2 Be7 7. O-O O-O 8. h3
Bh5 9. Nh4 c6 10. Nf5 Re8 11. g4 Bg6 12. e4 Bxf5 13. exf5 h6 14. Be3 Qc7 15.
Qc2 Rac8 16. Rad1 Bf8 17. Rd2 Qa5 18. Qb3 Qa6 19. Rfd1 Rc7 20. Bf1 Qa5 21. a3
exd4 22. Rxd4 a6 23. Bg2 b5 24. Qc2 Rcc8 25. b4 Qc7 26. cxb5 cxb5 27. Rc1 Ne5
28. Qb3 Nc4 29. Nd5 Qd8 30. Bf4 Kh8 31. Rcd1 Re2 32. g5 Nd7 33. Qf3 Qe8 34.
gxh6 gxh6 35. Qh5 Kh7 1-0

[Event "17. European Team Championship 2009"]
[Site "Novi Sad SRB"]
[Date "2009.10.28"]
[Round "7.182"]
[White "Van Hoolandt, Patrick"]
[Black "Karttunen, Mika"]
[Result "0-1"]
[WhiteElo "2229"]
[BlackElo "2426"]
[PlyCount "68"]
[EventDate "2009.10.22"]
[EventType "team"]
[EventRounds "9"]
[EventCountry "SER"]
[Source "lmi"]
[SourceDate "2009.10.22"]

1. d4 Nf6 2. c4 c5 3. d5 e6 4. Nc3 exd5 5. cxd5 d6 6. Nf3 g6 7. Bf4 Bg7 8. Qa4+
Bd7 9. Qb3 Qc7 10. e4 O-O 11. Be2 Nh5 12. Be3 Na6 13. Nd2 Rab8 14. a4 Nb4 15.
O-O f5 16. exf5 Bxf5 17. Nb5 Qd8 18. Rac1 Nf6 19. Nxd6 Bc2 20. Rxc2 Nxc2 21.
Qxc2 Qxd6 22. Bxc5 Rbc8 23. Bxd6 Rxc2 24. Rd1 Rd8 25. Be7 Rxd5 26. Bb4 Ne4 27.
Bf3 Rdxd2 28. Bxd2 Rxd2 29. Re1 Nxf2 30. Bxb7 Bd4 31. Kf1 Nd3 32. Bd5+ Kf8 33.
Re4 Rf2+ 34. Kg1 Rf4+ 0-1

[Event "17. European Team Championship 2009"]
[Site "Novi Sad SRB"]
[Date "2009.10.28"]
[Round "7.183"]
[White "Agopov, Mikael"]
[Black "Ribbegren, Karl Johan"]
[Result "1/2-1/2"]
[WhiteElo "2452"]
[BlackElo "2158"]
[PlyCount "87"]
[EventDate "2009.10.22"]
[EventType "team"]
[EventRounds "9"]
[EventCountry "SER"]
[Source "lmi"]
[SourceDate "2009.10.22"]

1. e4 g6 2. d4 d6 3. c4 Bg7 4. Nc3 Nd7 5. Nf3 e5 6. Be2 Ne7 7. h4 h6 8. Be3 f5
9. dxe5 dxe5 10. Qc2 f4 11. Bd2 Nc5 12. Rd1 Bd7 13. b4 Ne6 14. Nd5 Nc6 15. Bc3
O-O 16. Bd3 Ncd4 17. Bxd4 exd4 18. e5 c6 19. Bxg6 cxd5 20. cxd5 Nc7 21. Qb3 Bg4
22. d6+ Ne6 23. Nxd4 Qd7 24. f3 Kh8 25. fxg4 Nxd4 26. Rxd4 Bxe5 27. Rd3 Qxg4
28. Qd5 Bf6 29. Be4 f3 30. gxf3 Qg2 31. Qxb7 Qxh1+ 32. Ke2 Qg2+ 33. Kd1 Qg7 34.
d7 Qg1+ 35. Kc2 Rad8 36. Qd5 Qg2+ 37. Rd2 Qg8 38. Qh5 Qxa2+ 39. Kd1 Qa1+ 40.
Ke2 Bg7 41. Qg6 Kg8 42. Bd5+ Kh8 43. Be4 Kg8 44. Bd5+ 1/2-1/2

[Event "17. European Team Championship 2009"]
[Site "Novi Sad SRB"]
[Date "2009.10.28"]
[Round "7.184"]
[White "Iclicki, Willy"]
[Black "Luukkonen, Tommi"]
[Result "1/2-1/2"]
[WhiteElo "2052"]
[BlackElo "2317"]
[PlyCount "61"]
[EventDate "2009.10.22"]
[EventType "team"]
[EventRounds "9"]
[EventCountry "SER"]
[Source "lmi"]
[SourceDate "2009.10.22"]

1. d4 Nf6 2. c4 g6 3. Nc3 Bg7 4. e4 O-O 5. f4 c5 6. d5 d6 7. Nf3 e6 8. Be2 exd5
9. cxd5 Bg4 10. O-O Re8 11. h3 Bxf3 12. Bxf3 Nbd7 13. Re1 Qa5 14. Be3 b5 15. a3
Nb6 16. e5 dxe5 17. fxe5 Rxe5 18. Bxc5 Rxe1+ 19. Qxe1 Nbd7 20. Bb4 Qb6+ 21. Qf2
Qxf2+ 22. Kxf2 Ne5 23. d6 Nxf3 24. Kxf3 a5 25. Bc5 Nd7 26. Be3 Ne5+ 27. Ke4 Re8
28. Kd5 Nc4 29. Bc5 Nxb2 30. Nxb5 Nd3 31. Bd4 1/2-1/2

[Event "17. European Team Championship 2009"]
[Site "Novi Sad SRB"]
[Date "2009.10.29"]
[Round "8.24"]
[White "Mamedov, Rauf"]
[Black "Bartel, Mateusz"]
[Result "1-0"]
[WhiteElo "2626"]
[BlackElo "2609"]
[PlyCount "107"]
[EventDate "2009.10.22"]
[EventType "team"]
[EventRounds "9"]
[EventCountry "SER"]
[Source "lmi"]
[SourceDate "2009.10.22"]

1. e4 e6 2. d4 d5 3. Nd2 Nf6 4. e5 Nfd7 5. Bd3 c5 6. c3 Nc6 7. Ngf3 Be7 8. O-O
g5 9. dxc5 Ndxe5 10. Nxe5 Nxe5 11. Nb3 Qc7 12. f4 Bxc5+ 13. Nxc5 Qxc5+ 14. Rf2
Nxd3 15. Qxd3 Bd7 16. Be3 Qc4 17. Qxc4 dxc4 18. fxg5 e5 19. Bc5 Rg8 20. h4 b6
21. Bd6 e4 22. Be5 e3 23. Rf4 Be6 24. Rd4 Rd8 25. Rad1 Rxd4 26. Rxd4 f5 27. Kf1
Kf7 28. Ke2 Kg6 29. Kxe3 Re8 30. Kf4 h6 31. gxh6 Kxh6 32. Rd6 Kg6 33. Rc6 Re7
34. a4 Kh5 35. g3 Kg6 36. Bd4 Kh5 37. a5 bxa5 38. Bf6 Bd7 39. g4+ Kg6 40. gxf5+
Kf7 41. Bxe7 Bxc6 42. Bc5 Bd5 43. Bd4 Kf8 44. Kg5 Bg8 45. h5 Kf7 46. Kh6 a6 47.
Be5 a4 48. Bd4 Kf8 49. Kg6 Bf7+ 50. Kg5 Kg8 51. h6 Be8 52. Kf6 Bd7 53. Be3 Bc8
54. Kg6 1-0

[Event "17. European Team Championship 2009"]
[Site "Novi Sad SRB"]
[Date "2009.10.29"]
[Round "8.33"]
[White "Efimenko, Zahar"]
[Black "L'Ami, Erwin"]
[Result "1/2-1/2"]
[WhiteElo "2654"]
[BlackElo "2606"]
[PlyCount "84"]
[EventDate "2009.10.22"]
[EventType "team"]
[EventRounds "9"]
[EventCountry "SER"]
[Source "lmi"]
[SourceDate "2009.10.22"]

1. e4 c5 2. Nf3 d6 3. d4 cxd4 4. Nxd4 Nf6 5. Nc3 a6 6. a4 g6 7. Be2 Bg7 8. O-O
O-O 9. Be3 Nc6 10. Qd2 Bd7 11. Rfd1 Nxd4 12. Bxd4 Bc6 13. f3 a5 14. Nd5 Nd7 15.
Bxg7 Kxg7 16. Qd4+ Kg8 17. Bb5 Rc8 18. c3 Nc5 19. Ra3 f6 20. b4 Ne6 21. Qd3 Kh8
22. Kh1 g5 23. Bxc6 bxc6 24. Ne3 Nf4 25. Qa6 Qc7 26. Qxa5 Qxa5 27. bxa5 Ra8 28.
Nf5 Ng6 29. Rb1 Rxa5 30. Rb7 Re8 31. g3 Kg8 32. h4 gxh4 33. gxh4 Kf8 34. Kh2 d5
35. Kg3 dxe4 36. fxe4 h5 37. Rc7 Rea8 38. Rxc6 Rxa4 39. Rxa4 Rxa4 40. Rc8+ Kf7
41. c4 Ke6 42. Rc7 Ke5 1/2-1/2

[Event "17. European Team Championship 2009"]
[Site "Novi Sad SRB"]
[Date "2009.10.29"]
[Round "8.34"]
[White "Werle, Jan"]
[Black "Drozdovskij, Yuri"]
[Result "1/2-1/2"]
[WhiteElo "2563"]
[BlackElo "2627"]
[PlyCount "47"]
[EventDate "2009.10.22"]
[EventType "team"]
[EventRounds "9"]
[EventCountry "SER"]
[Source "lmi"]
[SourceDate "2009.10.22"]

1. d4 d5 2. c4 dxc4 3. e3 Nf6 4. Bxc4 e6 5. Nf3 a6 6. O-O c5 7. Bb3 Nc6 8. Nc3
Be7 9. dxc5 Qxd1 10. Rxd1 Bxc5 11. Bd2 O-O 12. Rac1 Ba7 13. Be1 Bd7 14. Na4
Rfb8 15. Nc5 Be8 16. a3 Nd8 17. Nd2 Bc6 18. Ba2 Bd5 19. Bxd5 Nxd5 20. Nd3 Rc8
21. e4 Nf6 22. Kf1 Rxc1 23. Rxc1 Nc6 24. Nc5 1/2-1/2

[Event "17. European Team Championship 2009"]
[Site "Novi Sad SRB"]
[Date "2009.10.29"]
[Round "8.41"]
[White "Jobava, Baadur"]
[Black "Sutovsky, Emil"]
[Result "1/2-1/2"]
[WhiteElo "2696"]
[BlackElo "2676"]
[PlyCount "56"]
[EventDate "2009.10.22"]
[EventType "team"]
[EventRounds "9"]
[EventCountry "SER"]
[Source "lmi"]
[SourceDate "2009.10.22"]

1. e4 e6 2. d4 d5 3. Nc3 Bb4 4. a3 Bxc3+ 5. bxc3 dxe4 6. Qg4 Nf6 7. Qxg7 Rg8 8.
Qh6 c5 9. Ne2 cxd4 10. cxd4 Nc6 11. Bb2 Bd7 12. O-O-O Ng4 13. Qf4 Qg5 14. Re1
Nxf2 15. Rg1 Ng4 16. h3 Nh2 17. Rh1 Nxf1 18. Rhxf1 Ne7 19. g4 f5 20. Rg1 O-O-O
21. Qxg5 Rxg5 22. d5 Rf8 23. dxe6 Bxe6 24. Ng3 Bd5 25. Rgf1 Rf7 26. Nxe4 fxe4
27. Rxf7 Bxf7 28. Bf6 Rd5 1/2-1/2

[Event "17. European Team Championship 2009"]
[Site "Novi Sad SRB"]
[Date "2009.10.29"]
[Round "8.42"]
[White "Roiz, Michael"]
[Black "Pantsulaia, Levan"]
[Result "1/2-1/2"]
[WhiteElo "2658"]
[BlackElo "2600"]
[PlyCount "85"]
[EventDate "2009.10.22"]
[EventType "team"]
[EventRounds "9"]
[EventCountry "SER"]
[Source "lmi"]
[SourceDate "2009.10.22"]

1. d4 Nf6 2. c4 c5 3. d5 e6 4. Nc3 exd5 5. cxd5 d6 6. Nf3 g6 7. Bf4 a6 8. a4
Bg7 9. h3 O-O 10. e3 Nh5 11. Bh2 f5 12. Be2 f4 13. O-O Nd7 14. Nd2 fxe3 15.
fxe3 Rxf1+ 16. Nxf1 Ne5 17. Bxh5 gxh5 18. Qxh5 Bd7 19. Ng3 Be8 20. Qe2 Bg6 21.
e4 Qg5 22. Rf1 Rf8 23. Rxf8+ Kxf8 24. Qf1+ Ke7 25. Nf5+ Bxf5 26. exf5 Qe3+ 27.
Kh1 h5 28. Bf4 Qd3 29. Bg5+ Kf7 30. Qf4 Bf8 31. Bh4 Bg7 32. Qg5 Qf1+ 33. Kh2
Nf3+ 34. gxf3 Be5+ 35. Bg3 Qf2+ 36. Kh1 Bxg3 37. Qg6+ Kf8 38. Qf6+ Ke8 39. Qe6+
Kd8 40. Qf6+ Kc7 41. Qe7+ Kb6 42. Qd8+ Ka7 43. Nb5+ 1/2-1/2

[Event "17. European Team Championship 2009"]
[Site "Novi Sad SRB"]
[Date "2009.10.29"]
[Round "8.43"]
[White "Gagunashvili, Merab"]
[Black "Postny, Evgeny"]
[Result "1/2-1/2"]
[WhiteElo "2564"]
[BlackElo "2651"]
[PlyCount "52"]
[EventDate "2009.10.22"]
[EventType "team"]
[EventRounds "9"]
[EventCountry "SER"]
[Source "lmi"]
[SourceDate "2009.10.22"]

1. e4 e6 2. d4 d5 3. Nd2 Nd7 4. Ngf3 Ne7 5. Bd3 c5 6. exd5 Nxd5 7. O-O Be7 8.
c3 O-O 9. Nb3 h6 10. Qe2 Qc7 11. Nxc5 Nxc5 12. dxc5 Bxc5 13. Rd1 Nf4 14. Bxf4
Qxf4 15. Qe4 Qxe4 16. Bxe4 f5 17. Bc2 Kf7 18. Rd2 Kf6 19. Re1 a5 20. Ne5 Ra6
21. Nd7+ Bxd7 22. Rxd7 Rd6 23. Rd1 Rxd1+ 24. Bxd1 Rf7 25. Rxf7+ Kxf7 26. Kf1
Ke7 1/2-1/2

[Event "17. European Team Championship 2009"]
[Site "Novi Sad SRB"]
[Date "2009.10.29"]
[Round "8.54"]
[White "Ruck, Robert"]
[Black "Lopez Martinez, Josep Manuel"]
[Result "1/2-1/2"]
[WhiteElo "2548"]
[BlackElo "2570"]
[PlyCount "57"]
[EventDate "2009.10.22"]
[EventType "team"]
[EventRounds "9"]
[EventCountry "SER"]
[Source "lmi"]
[SourceDate "2009.10.22"]

1. Nf3 Nf6 2. c4 g6 3. d4 Bg7 4. g3 O-O 5. Bg2 d5 6. cxd5 Nxd5 7. O-O c5 8.
dxc5 Na6 9. Ng5 e6 10. Ne4 Bd7 11. Bg5 Qc7 12. Nbc3 Nxc3 13. Nxc3 Bc6 14. Qd6
Rfc8 15. Bxc6 Qxc6 16. Rac1 Nxc5 17. Qxc6 Rxc6 18. Rfd1 a6 19. b4 Nb3 20. axb3
Bxc3 21. Rd7 Bxb4 22. Rxb7 Rxc1+ 23. Bxc1 Bc3 24. Bh6 Bg7 25. Bd2 Be5 26. Kg2
Rb8 27. Ra7 Rxb3 28. Rxa6 h5 29. Bf4 1/2-1/2

[Event "17. European Team Championship 2009"]
[Site "Novi Sad SRB"]
[Date "2009.10.29"]
[Round "8.63"]
[White "Ekstroem, Roland"]
[Black "Vuckovic, Bojan"]
[Result "1-0"]
[WhiteElo "2488"]
[BlackElo "2600"]
[PlyCount "76"]
[EventDate "2009.10.22"]
[EventType "team"]
[EventRounds "9"]
[EventCountry "SER"]
[Source "lmi"]
[SourceDate "2009.10.22"]

1. d4 Nf6 2. Nf3 g6 3. c4 Bg7 4. Nc3 d5 5. cxd5 Nxd5 6. Bd2 Nb6 7. Bg5 O-O 8.
e3 h6 9. Bf4 Nc6 10. Bb5 Bd7 11. O-O Re8 12. Rc1 Rc8 13. h3 a6 14. Be2 g5 15.
Bg3 g4 16. hxg4 Bxg4 17. Ne4 Nd7 18. Nh4 Bxe2 19. Qxe2 e6 20. Nf3 Qe7 21. Rfd1
Qb4 22. Nc5 Nxc5 23. Rxc5 Red8 24. Rdc1 Rd7 25. Ne1 Qb6 26. Nd3 Ne7 27. Ne5
Bxe5 28. Bxe5 Ng6 29. Bf6 Rd5 30. e4 Rxc5 31. Rxc5 e5 32. Qg4 Rf8 33. Bxe5 Qxb2
34. Rxc7 Kh7 35. Qf5 Qxa2 36. d5 Kg8 37. Rxf7 Qb1+ 38. Kh2 Qb6 1-0

[Event "17. European Team Championship 2009"]
[Site "Novi Sad SRB"]
[Date "2009.10.29"]
[Round "8.82"]
[White "Laznicka, Viktor"]
[Black "Fressinet, Laurent"]
[Result "1/2-1/2"]
[WhiteElo "2634"]
[BlackElo "2658"]
[PlyCount "30"]
[EventDate "2009.10.22"]
[EventType "team"]
[EventRounds "9"]
[EventCountry "SER"]
[Source "lmi"]
[SourceDate "2009.10.22"]

1. e4 e5 2. Nf3 Nc6 3. Bc4 Bc5 4. c3 Nf6 5. d3 a6 6. Nbd2 d6 7. Bb3 Be6 8. h3
O-O 9. Nf1 d5 10. Qe2 dxe4 11. dxe4 Bxb3 12. axb3 Ne8 13. b4 Ba7 14. Ng3 Nd6
15. O-O Qf6 1/2-1/2

[Event "17. European Team Championship 2009"]
[Site "Novi Sad SRB"]
[Date "2009.10.29"]
[Round "8.84"]
[White "Babula, Vlastimil"]
[Black "Feller, Sebastien"]
[Result "1/2-1/2"]
[WhiteElo "2569"]
[BlackElo "2570"]
[PlyCount "84"]
[EventDate "2009.10.22"]
[EventType "team"]
[EventRounds "9"]
[EventCountry "SER"]
[Source "lmi"]
[SourceDate "2009.10.22"]

1. d4 Nf6 2. c4 g6 3. Nc3 d5 4. Qb3 dxc4 5. Qxc4 Bg7 6. e4 O-O 7. Be2 b6 8. Bf4
Ba6 9. Qa4 Bb7 10. Bf3 c5 11. Rd1 Nfd7 12. d5 a6 13. Be2 b5 14. Qc2 Qa5 15. Bd2
c4 16. Nf3 Nc5 17. O-O Nbd7 18. a3 Qc7 19. Bg5 e6 20. dxe6 Nxe6 21. Be3 Rae8
22. a4 Qc6 23. axb5 axb5 24. Nd4 Nxd4 25. Bxd4 Nc5 26. Bxg7 Kxg7 27. Bf3 Nd3
28. Nd5 Qd6 29. b3 Bxd5 30. exd5 Rc8 31. bxc4 bxc4 32. Be4 Ne5 33. Qc3 Qf6 34.
Rfe1 Rfd8 35. Bc2 Nd7 36. Qd2 Nb6 37. Be4 c3 38. Qd4 Qxd4 39. Rxd4 Re8 40. Rc1
Rc4 41. Rxc4 Nxc4 42. f3 Nd6 1/2-1/2

[Event "17. European Team Championship 2009"]
[Site "Novi Sad SRB"]
[Date "2009.10.29"]
[Round "8.94"]
[White "Stanec, Nikolaus"]
[Black "Nevednichy, Vladislav"]
[Result "1/2-1/2"]
[WhiteElo "2541"]
[BlackElo "2601"]
[PlyCount "37"]
[EventDate "2009.10.22"]
[EventType "team"]
[EventRounds "9"]
[EventCountry "SER"]
[Source "lmi"]
[SourceDate "2009.10.22"]

1. c4 e5 2. Nc3 Bb4 3. g3 Bxc3 4. dxc3 d6 5. e4 Nc6 6. Bg2 Be6 7. b3 Qd7 8. Nf3
Bh3 9. O-O h5 10. Be3 Bxg2 11. Kxg2 Nf6 12. Ng5 Ng4 13. Bd2 O-O-O 14. h4 Nh6
15. Nf3 f6 16. Bxh6 Rxh6 17. Qe2 g5 18. Qe3 b5 19. a4 1/2-1/2

[Event "17. European Team Championship 2009"]
[Site "Novi Sad SRB"]
[Date "2009.10.29"]
[Round "8.102"]
[White "Pavasovic, Dusko"]
[Black "Halkias, Stelios"]
[Result "1/2-1/2"]
[WhiteElo "2602"]
[BlackElo "2570"]
[PlyCount "51"]
[EventDate "2009.10.22"]
[EventType "team"]
[EventRounds "9"]
[EventCountry "SER"]
[Source "lmi"]
[SourceDate "2009.10.22"]

1. e4 e5 2. Nf3 d6 3. d4 exd4 4. Qxd4 a6 5. Be3 Nc6 6. Qd2 Nf6 7. Nc3 Be7 8. h3
b5 9. Bd3 Bb7 10. Nd5 O-O 11. O-O-O Nxd5 12. exd5 Ne5 13. Nxe5 dxe5 14. g4 c5
15. Be4 c4 16. h4 b4 17. g5 Qd7 18. Kb1 a5 19. f3 Ra6 20. h5 f5 21. gxf6 Rfxf6
22. Qe2 c3 23. Qh2 Qd6 24. Rhg1 a4 25. Bg5 b3 26. Bxf6 1/2-1/2

[Event "17. European Team Championship 2009"]
[Site "Novi Sad SRB"]
[Date "2009.10.29"]
[Round "8.103"]
[White "Mastrovasilis, Dimitrios"]
[Black "Lenic, Luka"]
[Result "1-0"]
[WhiteElo "2569"]
[BlackElo "2575"]
[PlyCount "75"]
[EventDate "2009.10.22"]
[EventType "team"]
[EventRounds "9"]
[EventCountry "SER"]
[Source "lmi"]
[SourceDate "2009.10.22"]

1. e4 e5 2. Nf3 Nc6 3. Bb5 a6 4. Ba4 Nf6 5. O-O b5 6. Bb3 Bc5 7. c3 d6 8. d4
Bb6 9. h3 Bb7 10. Re1 h6 11. Be3 O-O 12. Nbd2 exd4 13. cxd4 Nb4 14. Qb1 c5 15.
a3 Nc6 16. e5 dxe5 17. dxc5 Bc7 18. Bxh6 gxh6 19. Qg6+ Kh8 20. Qxh6+ Nh7 21.
Ne4 Qe7 22. Bd5 Na5 23. c6 Bxc6 24. Bxc6 Rad8 25. Rac1 Nb3 26. Neg5 f5 27. Rc3
Nd4 28. Nxh7 Qxh7 29. Qxh7+ Kxh7 30. Nxe5 Rf6 31. Bb7 Bb8 32. Nf3 Nxf3+ 33.
Rxf3 Rd2 34. b4 f4 35. Re7+ Kh6 36. Be4 Kh5 37. g4+ Kg5 38. Rg7+ 1-0

[Event "17. European Team Championship 2009"]
[Site "Novi Sad SRB"]
[Date "2009.10.29"]
[Round "8.104"]
[White "Sebenik, Matej"]
[Black "Mastrovasilis, Athanasios"]
[Result "1/2-1/2"]
[WhiteElo "2489"]
[BlackElo "2519"]
[PlyCount "98"]
[EventDate "2009.10.22"]
[EventType "team"]
[EventRounds "9"]
[EventCountry "SER"]
[Source "lmi"]
[SourceDate "2009.10.22"]

1. d4 Nf6 2. c4 e6 3. g3 d5 4. Nf3 dxc4 5. Bg2 Bb4+ 6. Bd2 c5 7. Qc1 Bxd2+ 8.
Nbxd2 cxd4 9. Nxc4 Nc6 10. O-O O-O 11. Rd1 e5 12. Nfxe5 Nxe5 13. Nxe5 Qe7 14.
Nf3 Qxe2 15. Nxd4 Qe5 16. Qc3 Rb8 17. Re1 Qd6 18. Rad1 Bg4 19. Nf5 Qxd1 20.
Rxd1 Bxd1 21. Qd4 Bc2 22. Ne3 Bg6 23. Qxa7 Ra8 24. Qd4 Rfd8 25. Qb6 Rd7 26. a3
Rc8 27. Bf3 h5 28. Qb5 Rc1+ 29. Kg2 Bd3 30. Qb4 Rb1 31. h3 Bg6 32. g4 hxg4 33.
hxg4 Rc1 34. a4 Bd3 35. Qf4 Ra1 36. g5 Nh7 37. Nd5 Nf8 38. Qe5 Ne6 39. b4 Rc1
40. a5 Rb1 41. Qb8+ Kh7 42. Qc8 Rd6 43. g6+ fxg6 44. Qxb7 Nd4 45. Ne3 Nxf3 46.
Qxf3 Rxb4 47. Qh3+ Kg8 48. Qc8+ Kh7 49. Qh3+ Kg8 1/2-1/2

[Event "17. European Team Championship 2009"]
[Site "Novi Sad SRB"]
[Date "2009.10.29"]
[Round "8.113"]
[White "Elsness, Frode"]
[Black "Conquest, Stuart C"]
[Result "1-0"]
[WhiteElo "2458"]
[BlackElo "2563"]
[PlyCount "67"]
[EventDate "2009.10.22"]
[EventType "team"]
[EventRounds "9"]
[EventCountry "SER"]
[Source "lmi"]
[SourceDate "2009.10.22"]

1. d4 e6 2. c4 b6 3. e4 Bb7 4. Bd3 Bb4+ 5. Bd2 Bxd2+ 6. Nxd2 Nc6 7. Ngf3 Qf6 8.
e5 Qf4 9. g3 Qh6 10. O-O Nge7 11. Re1 O-O 12. Re4 Ng6 13. Rg4 Nce7 14. Nh4 f5
15. exf6 Rxf6 16. Qe2 Raf8 17. Rf1 c5 18. Be4 d5 19. Bg2 cxd4 20. Nxg6 Rxg6 21.
Rxd4 Nf5 22. Rd3 Kh8 23. b3 dxc4 24. Nxc4 Bxg2 25. Kxg2 Rg5 26. Ne5 Kg8 27. Re1
Ne7 28. h4 Rgf5 29. Rf3 Rd8 30. Ng4 Qg6 31. Qxe6+ Qxe6 32. Rxe6 Rxf3 33. Kxf3
Kf7 34. Re2 1-0

[Event "17. European Team Championship 2009"]
[Site "Novi Sad SRB"]
[Date "2009.10.29"]
[Round "8.114"]
[White "Williams, Simon K"]
[Black "Thomassen, Joachim"]
[Result "1-0"]
[WhiteElo "2545"]
[BlackElo "2332"]
[PlyCount "41"]
[EventDate "2009.10.22"]
[EventType "team"]
[EventRounds "9"]
[EventCountry "SER"]
[Source "lmi"]
[SourceDate "2009.10.22"]

1. d4 Nf6 2. c4 g6 3. Nc3 Bg7 4. e4 d6 5. Nge2 O-O 6. Ng3 e5 7. d5 a5 8. Be2
Na6 9. Bg5 Nc5 10. Qd2 c6 11. O-O cxd5 12. cxd5 a4 13. Kh1 Bd7 14. Rab1 Qa5 15.
f3 Rfc8 16. f4 Ne8 17. f5 gxf5 18. Be3 b5 19. Nd1 Qxd2 20. Bxd2 Nc7 21. Ne3 1-0

[Event "17. European Team Championship 2009"]
[Site "Novi Sad SRB"]
[Date "2009.10.29"]
[Round "8.121"]
[White "Sulskis, Sarunas"]
[Black "Cheparinov, Ivan"]
[Result "1/2-1/2"]
[WhiteElo "2568"]
[BlackElo "2667"]
[PlyCount "123"]
[EventDate "2009.10.22"]
[EventType "team"]
[EventRounds "9"]
[EventCountry "SER"]
[Source "lmi"]
[SourceDate "2009.10.22"]

1. e4 c6 2. d4 d5 3. Nc3 dxe4 4. Nxe4 Bf5 5. Ng3 Bg6 6. h4 h6 7. Nf3 Nd7 8. h5
Bh7 9. Bd3 Bxd3 10. Qxd3 e6 11. Bd2 Ngf6 12. O-O-O Be7 13. Ne4 Nxe4 14. Qxe4
Nf6 15. Qe2 Qd5 16. c4 Qe4 17. Qxe4 Nxe4 18. Be3 f5 19. d5 cxd5 20. cxd5 f4 21.
Rd4 exd5 22. Bxf4 O-O 23. Be3 Rf5 24. Rdd1 Bc5 25. Bxc5 Rc8 26. b4 b6 27. Nh4
Rf7 28. Rxd5 bxc5 29. f3 cxb4+ 30. Kb2 Nc3 31. Ra5 Rd7 32. Rc1 Nd1+ 33. Kb1 Re8
34. Ng6 Nc3+ 35. Kb2 Re3 36. Re5 Rxe5 37. Nxe5 Rc7 38. Rc2 Rc5 39. f4 a5 40.
Kb3 Rd5 41. a3 Rd1 42. axb4 axb4 43. g3 Rb1+ 44. Kc4 Ne4 45. Kd3 Nc3 46. Rd2
Rh1 47. Kc4 Rxh5 48. g4 Rh4 49. f5 Kh7 50. Kb3 Ne4 51. Rd8 Nf6 52. Ng6 Rh3+ 53.
Kxb4 Ng8 54. Nf8+ Kh8 55. Ng6+ Kh7 56. Kc5 Rg3 57. Nf8+ Kh8 58. Ng6+ Kh7 59.
Nf8+ Kh8 60. Rd4 Nf6 61. Ng6+ Kh7 62. Rd8 1/2-1/2